<?xml version="1.0" encoding="UTF-8"?>
<record
    xmlns:xsi="http://www.w3.org/2001/XMLSchema-instance"
    xsi:schemaLocation="http://www.loc.gov/MARC21/slim http://www.loc.gov/standards/marcxml/schema/MARC21slim.xsd"
    xmlns="http://www.loc.gov/MARC21/slim">

  <leader>01873nam a2200241 a 4500</leader>
  <controlfield tag="003">CO-ViMGA</controlfield>
  <controlfield tag="005">20230915233127.0</controlfield>
  <controlfield tag="008">080930s2008    ck     gr     00010 spa d</controlfield>
  <datafield tag="020" ind1=" " ind2=" ">
    <subfield code="a">9789584515353</subfield>
  </datafield>
  <datafield tag="040" ind1=" " ind2=" ">
    <subfield code="a">CO-ViMGA</subfield>
    <subfield code="b">spa</subfield>
    <subfield code="c">CO-ViMGA</subfield>
  </datafield>
  <datafield tag="043" ind1=" " ind2=" ">
    <subfield code="a">s-ck---</subfield>
  </datafield>
  <datafield tag="082" ind1="0" ind2="4">
    <subfield code="a">303.64 </subfield>
    <subfield code="b">P37r </subfield>
    <subfield code="2">21</subfield>
  </datafield>
  <datafield tag="100" ind1="1" ind2=" ">
    <subfield code="a">P&#xE9;rez, Jos&#xE9; Gregorio.</subfield>
    <subfield code="9">3022</subfield>
  </datafield>
  <datafield tag="245" ind1="1" ind2="0">
    <subfield code="a">Ra&#xFA;l Reyes : </subfield>
    <subfield code="b">el canciller de la monta&#xF1;a / </subfield>
    <subfield code="c">Jos&#xE9; Gregorio P&#xE9;rez.</subfield>
  </datafield>
  <datafield tag="260" ind1="3" ind2=" ">
    <subfield code="a">Bogot&#xE1; : </subfield>
    <subfield code="b">Grupo Editorial Norma, </subfield>
    <subfield code="c">2008.</subfield>
  </datafield>
  <datafield tag="300" ind1=" " ind2=" ">
    <subfield code="a">277 p. ; </subfield>
    <subfield code="c">23 cm.</subfield>
  </datafield>
  <datafield tag="520" ind1="3" ind2=" ">
    <subfield code="a">Luego de ser abatido por las Fuerzas Armadas de Colombia en marzo de 2008, el pa&#xED;s empez&#xF3; a conocer el inmenso poder que Ra&#xFA;l Reyes detentaba dentro de las FARC. Los cientos de correos electr&#xF3;nicos y documentos hallados en sus computadores personales, han revelado las redes de relaciones que hab&#xED;a construido durante veinticinco a&#xF1;os y que se encargaba de mantener desde sus campamentos en la selva colombo-ecuatoriana. El impresionante archivo encontrado por las autoridades da cuenta de los negocios de tr&#xE1;fico de drogas y armas de las FARC, su infiltraci&#xF3;n en todos los niveles de organizaciones pol&#xED;ticas y sociales nacionales y extranjeras, e incluso de las rivalidades entre los l&#xED;deres del grupo guerrillero. El canciller de la monta&#xF1;a cuenta cu&#xE1;les eran los prop&#xF3;sitos subversivos que coordinaba con sagacidad y cinismo Ra&#xFA;l Reyes, el responsable de cientos de secuestros, ataques a poblaciones, fusilamientos y masacres; el mismo que manten&#xED;a cercanos tratos con gobernantes, pol&#xED;ticos y funcionarios de varios pa&#xED;ses del mundo.</subfield>
  </datafield>
  <datafield tag="600" ind1="1" ind2="4">
    <subfield code="a">Reyes, Ra&#xFA;l, </subfield>
    <subfield code="d">1948-2008</subfield>
    <subfield code="x"> Reportajes.</subfield>
    <subfield code="9">3023</subfield>
  </datafield>
  <datafield tag="610" ind1="2" ind2="4">
    <subfield code="a">Fuerzas Armadas Revolucionarias de Colombia</subfield>
    <subfield code="x"> Reportajes.</subfield>
    <subfield code="9">3024</subfield>
  </datafield>
  <datafield tag="650" ind1="1" ind2="4">
    <subfield code="a">Guerrillas colombianas</subfield>
    <subfield code="x"> Reportajes.</subfield>
    <subfield code="9">3025</subfield>
  </datafield>
  <datafield tag="650" ind1="1" ind2="4">
    <subfield code="a">Periodismo de investigaci&#xF3;n</subfield>
    <subfield code="z"> Colombia.</subfield>
    <subfield code="9">3026</subfield>
  </datafield>
  <datafield tag="942" ind1=" " ind2=" ">
    <subfield code="2">ddc</subfield>
    <subfield code="c">BK</subfield>
  </datafield>
  <datafield tag="999" ind1=" " ind2=" ">
    <subfield code="c">35406</subfield>
    <subfield code="d">35406</subfield>
  </datafield>
  <datafield tag="952" ind1=" " ind2=" ">
    <subfield code="0">0</subfield>
    <subfield code="1">0</subfield>
    <subfield code="2">ddc</subfield>
    <subfield code="4">0</subfield>
    <subfield code="7">0</subfield>
    <subfield code="8">003</subfield>
    <subfield code="a">MEVIECAR</subfield>
    <subfield code="b">MEVIECAR</subfield>
    <subfield code="d">2016-04-12</subfield>
    <subfield code="l">0</subfield>
    <subfield code="o">303.64 P37r </subfield>
    <subfield code="p">29868</subfield>
    <subfield code="r">2016-04-12 00:00:00</subfield>
    <subfield code="t">Ej. 1</subfield>
    <subfield code="w">2016-04-12</subfield>
    <subfield code="y">BK</subfield>
  </datafield>
  <datafield tag="952" ind1=" " ind2=" ">
    <subfield code="0">0</subfield>
    <subfield code="1">0</subfield>
    <subfield code="4">0</subfield>
    <subfield code="7">0</subfield>
    <subfield code="8">001</subfield>
    <subfield code="a">MEVIGERR</subfield>
    <subfield code="b">MEVIGERR</subfield>
    <subfield code="c">GEN</subfield>
    <subfield code="d">2012-10-17</subfield>
    <subfield code="o">303.6486121 P37</subfield>
    <subfield code="p">ECA19736</subfield>
    <subfield code="r">2024-11-26 09:29:41</subfield>
    <subfield code="t">Ej.1</subfield>
    <subfield code="w">2024-11-26</subfield>
    <subfield code="y">BK</subfield>
    <subfield code="z">16237 | 20991</subfield>
  </datafield>
</record>
